000 00705nam a2200181 a 4500
003 0
005 20250213104815.0
008 130129s19uu xx 00 eng d
050 _aPHS LB 1065.R45
_b.D671 2012
100 _aDomingo, Cerwin.
245 _aThe relationship between motivational factors in learning and the extent of motivation to achieve /
_cCerwin Domingo.
260 _aLas PiƱas City, Philippines :
_bSouthville International School and Colleges,
_c2012.
300 _a22 pages :
_billustrations :
_c28 cm.
504 _aIncludes bibliographical references.
650 _aAcademic achievement
_xPsychological aspects.
650 _aMotivation in education
_xAnalysis.
942 _2lcc
_cPASS
999 _c98871
_d98871